00948nam a2200229 a 450000100100000000500170001000800410002702000150006804000250008304100390010808200130014710000320016024000460019224501570023826000300039530000210042553400550044650000740050104900090057595201170058499900170070100002564420200930023935.0110218s1987 sp r 000 0 spa d a8420695599 aDO-SdBNPbspacBNPHU17aspaheng2Código de idiomas MARC ann*bnn*1 aRosecrance, Richard.95237914aThe rise of the trading state.lEspañol13aLa expansión en el estado comercial :bcomercio y conquista en el mundo moderno /cRichard Rosecrance ; traducción de josé Carlos Gómez Borrero. aMadrid :bAlianza,c1987. a261 p. ;c22 cm. aTítulo original :tThe rise of the trading state aIncluye referencias bibliográficas y notas al pie de las páginas. aBNGR 001054708MOaGRbGRcCTd2011-02-18iLF1l0onn* nn*p25644-10r2020-06-25w2020-06-25y4ZPréstamo en sala c25136d25136